| 000 | 00000nam##2200000za#4500 |
| 001 | 9.682160 |
| 003 | CaOODSP |
| 005 | 20210615132742 |
| 007 | tc |
| 008 | 150407|1997||||xxc|||||f||||f|0| 0 fre|d |
| 040 | |aCaOODSP|bfre |
| 043 | |an-cn--- |
| 086 | 1 |aCH37-4/3-1997F-BR |
| 110 | 1 |aCanada.|bPatrimoine canadien. |bDirection des droits de la personne. |
| 245 | 13|aLa Charte canadienne des droits et libertés |h[braille] |
| 260 | |aOttawa - Ontario : |bPatrimoine canadien. |c1997. |
| 300 | |a[21]p. ; |c28 cm. |
| 563 | |aReliure à anneaux |
| 590 | |a03-19|b2003-05-09 |
| 691 | 07|aCharte des droits et libertés|2gcpds |
| 691 | 07|aDroits civils|2gcpds |
| 775 | 08|tThe Canadian Charter of Rights and Freedoms |w(CaOODSP)9.648908 |
| 776 | 0#|tLa Charte canadienne des droits et libertés |w(CaOODSP)9.630970 |
| 776 | 0#|tCanadian Charter of Rights and Freedoms |w(CaOODSP)9.664647 |
| 776 | 0#|tCharte canadienne des droits et libertés |w(CaOODSP)9.664648 |
| 776 | 0#|tCanadian Charter of Rights and Freedoms |w(CaOODSP)9.664649 |
| 776 | 0#|tCharte canadienne des droits et libertés |w(CaOODSP)9.664650 |
| 776 | 0#|tCanadian Charter of Rights and Freedoms |w(CaOODSP)9.664683 |
| 776 | 0#|tCharte canadienne des droits et libertés |w(CaOODSP)9.664684 |
| 776 | 0#|tLa Charte canadienne des droits et libertés |w(CaOODSP)9.682159 |